000 00708nam a2200289Ia 4500
005 20260324124051.0
008 008 260324s9999 xx 000 0 eng d
020 _a9780203813157
037 _aEBOOK
040 _aCRL
040 _beng
040 _cCRL
041 _2eng
041 _aeng
084 _qCRL
100 _aLéonie Villard; R. Brimley Johnson; Verronica Lucas
_91172714
245 0 _aJane Austen (RLE Jane Austen)
245 2 _bA French Appreciation
260 _bTaylor and Francis
260 _c2011
365 _a
365 _b240
856 _uhttp://www.taylorfrancis.com/books/9780203813157
942 _cEBOOK
999 _c1766801
_d1766801